000 01657nam0a2200325 4500
001 RU\NLR\BIBL_A\011524280
005 20241104215212.0
010 _a9785001041184
_9500
021 _aRU
_b2017-78560
_95604
035 _a(RuMoRGB)009422546
035 _a(NLR Aleph) 011524280
090 _a12111835
_c12111835
100 _a20171113d2017 k y0rusy50 ca
101 0 _arus
102 _aRU
105 _ay z 000zy
200 1 _aРоссийское образование как зеркало общества (из опыта ИИ НГПУ)
_e[монография]
_fР. А. Брандт
_gМинистерство образования и науки РФ, Новосибирский государственный педагогический университет
210 _aНовосибирск
_cНовосибирский государственный педагогический университет
_d2017
215 _a63 с.
_d21
320 _aБиблиогр.: с. 63
601 0 2 _aНовосибирский государственный педагогический университет
_xЛитературное творчество студентов
_92351536
_3RU\NLR\AUTH\6601627797
606 1 _aОбразование
_xСоциологические исследования
_yРоссийская Федерация
_92346370
_3RU\NLR\AUTH\661402150
686 _aЧ31,6(2),0
_2rubbk
686 1 _aЧ34(2Р)
686 1 _aЧ489.511.385.35
700 1 _aБрандт
_bР. А.
_gРимма Алексеевна.
942 _cBOOK
980 _aNBR